Emigración y exclusión social en el mercado laboral chileno /

El artículo presenta parte de los resultados de una investigación sobre el fenómeno de la emigración internacional de profesionales altamente calificados desde Chile en la década de lo noventa. Recoge los hallazgos en torno a la experiencia chilena de emigración de recursos humanos altamente calific...

Full description

Bibliographic Details
Main Author: Depolo, Sebastián
Other Authors: Henríquez, Guillermo
Format: Analitica de revista
Language:Spanish
Published: Concepción Universidad de Concepción 2006
Series:Sociedad hoy. Revista de ciencias sociales 2

MARC

LEADER 00000cab a2200000 a 4500
001 042696
003 UAHC_CL
005 20170803124727.0
008 080125s2006 cl 000 spa
040 |a UAHC_CL  |c UAHC_CL  |d UAHC_CL 
100 1 |a Depolo, Sebastián 
245 1 0 |a Emigración y exclusión social en el mercado laboral chileno /  |c Sebastián Depolo C. y Guillermo Henríquez A. 
260 |a Concepción  |b Universidad de Concepción  |c 2006 
300 |a pp. 109-126 
490 0 |a Sociedad hoy. Revista de ciencias sociales  |v 2 
500 |a En: Sociedad Hoy, n¼10, 2006. pp. 109-126. ISSN 07173512. 
500 |a En: Sociedad Hoy, nº10, 2006. pp. 109-126. ISSN 07173512. 
520 |a El artículo presenta parte de los resultados de una investigación sobre el fenómeno de la emigración internacional de profesionales altamente calificados desde Chile en la década de lo noventa. Recoge los hallazgos en torno a la experiencia chilena de emigración de recursos humanos altamente calificados. El artículo pretende mostrar un modelo interpretativo de dicho fenómeno en Chile, en tanto país latinoamericano, que sea susceptible d se probado e futuras investigaciones. Por último, pretende contribuir, desde estos hallazgos, a la construcción de una política de reinserción de profesionales altamente calificados para el desarrollo del país. El estudio se basa en una muestra de 136 profesionales residentes en el extranjero, de un total de 449 encuestados por Internet. El modelo analítico utilizado parte de la premisa del enfoque de la Teoría de la Acción Comunicativa de Jurgen Haberlas y de su concepción de lo social como acción simultánea en dos dimensiones: la realidad de los sistemas y la del mundo de la vida (Haberlas, 1998, a y b). A su vez aplica las premisas del paradigma del desarrollo humano como dispositivo evaluativo de la emigración como proceso paliativo de la exclusión laboral. 
520 |a El artículo presenta parte de los resultados de una investigación sobre el fenómeno de la emigración internacional de profesionales altamente calificados desde Chile en la década de lo noventa. Recoge los hallazgos en torno a la experiencia chilena de emigración de recursos humanos altamente calificados. El artículo pretende mostrar un modelo interpretativo de dicho fenómeno en Chile, en tanto país latinoamericano, que sea susceptible d se probado e futuras investigaciones. Por último, pretende contribuir, desde estos hallazgos, a la construcción de una política de reinserción de profesionales altamente calificados para el desarrollo del país. El estudio se basa en una muestra de 136 profesionales residentes en el extranjero, de un total de 449 encuestados por Internet. El modelo analítico utilizado parte de la premisa del enfoque de la Teoría de la Acción Comunicativa de Jurgen Haberlas y de su concepción de lo social como acción simultánea en dos dimensiones: la realidad de los sistemas y la del mundo de la vida (Haberlas, 1998, a y b). A su vez aplica las premisas del paradigma del desarrollo humano como dispositivo evaluativo de la emigración como proceso paliativo de la exclusión laboral. 
520 |a El artÌculo presenta parte de los resultados de una investigaciÛn sobre el fenÛmeno de la emigraciÛn internacional de profesionales altamente calificados desde Chile en la dÈcada de lo noventa. Recoge los hallazgos en torno a la experiencia chilena de emigraciÛn de recursos humanos altamente calificados. El artÌculo pretende mostrar un modelo interpretativo de dicho fenÛmeno en Chile, en tanto paÌs latinoamericano, que sea susceptible d se probado e futuras investigaciones. Por último, pretende contribuir, desde estos hallazgos, a la construcciÛn de una polÌtica de reinserciÛn de profesionales altamente calificados para el desarrollo del paÌs. El estudio se basa en una muestra de 136 profesionales residentes en el extranjero, de un total de 449 encuestados por Internet. El modelo analÌtico utilizado parte de la premisa del enfoque de la TeorÌa de la AcciÛn Comunicativa de Jurgen Haberlas y de su concepciÛn de lo social como acciÛn simult·nea en dos dimensiones: la realidad de los sistemas y la del mundo de la vida (Haberlas, 1998, a y b). A su vez aplica las premisas del paradigma del desarrollo humano como dispositivo evaluativo de la emigraciÛn como proceso paliativo de la exclusiÛn laboral. 
700 1 |a Henríquez, Guillermo 
700 1 |a Henríquez, Guillermo 
759 |a PP168 
773 0 |t Sociología : perspectivas y debates  |w 042854 
900 |a SOC. HOY-10/06 
942 |c REVA 
952 |0 0  |1 0  |4 0  |6 SOC___HOY10_06_000000000000000  |7 0  |8 General  |9 79807  |a BC  |b BC  |c General  |d 2017-08-03  |l 0  |o SOC. HOY-10/06  |p FICTICIO7709  |r 2019-01-08 00:00:00  |t 1  |w 2017-08-03  |y REVA 
999 |c 42696  |d 42696